000 01067nas a2200349 4500
001 BR0906098
003 BR-BrBNA
005 20231205113506.0
007 ta
008 230509b bl.|||p| |||| 00| 00por d
040 _aBR-BrBNA
_bpor
_cBiblioteca Nacional de Agricultura
041 _a(Pt)
072 _aH60
100 1 _aPinto, J.J.O.
100 1 _aNoldin, J.A.
100 1 _aRosenthal, M.D.
100 1 _aPinho, C.F.
100 1 _aRossi, F.
100 1 _aMachado, A.
100 1 _aPiveta, L.
100 1 _aGalon, L.
245 1 _aAtividade residual de (imazethapyr+imazapic)sobre azevém anual (Lolium multiflorum), semeado em sucessão ao arroz irrigado, sistema clearfield
650 _aAZEVÉM
650 _aARROZ IRRIGADO
650 _aARROZ VERMELHO
650 _aEFEITO RESIDUAL
650 _aHERBICIDA
773 0 _tPlanta Daninha (Brazil)
_xISSN 0100-8358
_g(Jul-Sep 2009), v. 27(3) p. 609-619
_wBR0906098
856 4 0 _uhttp://www.aprh.pt/rgci-155_Borges.pdf
909 _a202311
_bLúcia
_c55
_dLúcia Elande
942 _2AGRIS
_n0
_cANA
999 _c204070
_d204070